Ч. 1; История экономических учений

গ্রন্থ-পঞ্জীর বিবরন
Parent link:История экономических учений: Учебное пособие для вузов/ Под ред. В. А. Жамина, Е. Г. Василевского. Ч. 1.— , 1989-
ভাষা:রুশ
প্রকাশিত: 1989
বিষয়গুলি:
বিন্যাস: MixedMaterials গ্রন্থ
KOHA link:https://koha.lib.tpu.ru/cgi-bin/koha/opac-detail.pl?biblionumber=61993

MARC

LEADER 00000nam2a2200000 4500
001 61993
005 20231031062929.0
010 |a 5211002334 
035 |a (RuTPU)RU\TPU\book\65684 
090 |a 61993 
100 |a 20040330d1989 m y0rusy50 ca 
101 0 |a rus 
102 |a RU 
105 |a y j 000zy 
200 0 |a Ч. 1 
210 |d 1989 
215 |a 367 с. 
461 1 |0 (RuTPU)RU\TPU\book\65681  |t История экономических учений  |o Учебное пособие для вузов  |o В 2 ч.  |f Под ред. В. А. Жамина, Е. Г. Василевского  |v Ч. 1  |d 1989- 
610 1 |a экономика 
610 1 |a экономические учения 
610 1 |a экономическая мысль 
610 1 |a экономическая теория 
610 1 |a история 
686 |a У02(0)я73  |v LBC/SL-A  |2 rubbk 
801 1 |a RU  |b 63413507  |c 20040330  |g PSBO 
801 2 |a RU  |b 63413507  |c 20040702  |g PSBO 
942 |c BK